000 01064nam a22002897a 4500
003 BJBSDDR
005 20260130102932.0
007 ta
008 260114s1998 ilu||||| |||| 00| 0 eng d
020 _a9780844208428
020 _a0844208426
040 _beng
_cDLC
041 _aeng
050 1 4 _aR PE 1449
_bB548n 1998
100 1 _aBertram, Anne
_946665
245 1 0 _aNTC's dictionary of euphemisms /
_cAnne Bertram.
246 3 0 _aDictionary of euphemisms
246 3 0 _aEuphemisms
260 _aLincolnwood, Ill. :
_bNTC Publishing Group,
_c1998
300 _avi, 314 pages ;
_b24 cm
500 _aIncludes index.
520 _aHere are more than 2,000 euphemisms, each with a sentence example, in areas such as death, drunkenness, pregnancy, body parts, and body processes, as well as terms and phrases we use to be "politically correct." Includes an index that places euphemisms in various thematic categories.
650 4 _aEufemismo
_946859
_vDiccionarios
650 4 _aLingüística comparada
_946860
942 _2lcc
_cBK
946 _icmc
999 _c126237
_d126237